[Event "España Tch-Primera Division Sur"]
[Site "Santa Cruz de Tenerife ESP"]
[Date "2006.08.24"]
[Round "2"]
[White "Cabrera Ruiz, Luis"]
[Black "Safont Guillen, Oscar"]
[Result "1-0"]
[WhiteElo "2029"]
[BlackElo "2041"]
[PlyCount "111"]
[EventDate "2006.08.23"]
[EventType "team"]
[EventRounds "2"]
[EventCountry "ESP"]
[Source "lmi"]
[SourceDate "2006.08.23"]
[WhiteTeam "C.A. CAJAGRANADA"]
[BlackTeam "C.A. NEW - CHESS MADRID"]

1. f4 d5 2. Nf3 Nf6 3. e3 c5 4. b3 Nc6 5. Bb5 Bd7 6. Bb2 e6 7. Bxc6 Bxc6 8. Ne5
Rc8 9. O-O d4 10. Nxc6 Rxc6 11. Qe2 Be7 12. Na3 O-O 13. e4 Qc7 14. Nc4 Nd7 15.
a4 e5 16. f5 Nb6 17. Na3 Nd7 18. Rf3 Rh6 19. g3 a6 20. Kg2 Qc6 21. a5 Re8 22.
d3 Bg5 23. h4 Be3 24. Nc4 Rd8 25. Nxe3 dxe3 26. Bc1 Qc7 27. Bxe3 Rd6 28. Qf2
Rc8 29. g4 Nf6 30. Qg3 Qe7 31. Bg5 Kh8 32. Rh1 Qe8 33. Bxf6 Rxf6 34. g5 Rfc6
35. h5 Qe7 36. Rh4 f6 37. Rg4 fxg5 38. Rxg5 Rf6 39. Rf1 Re8 40. Rg1 Qd7 41. Kh1
Re7 42. Rg2 Qc7 43. Rg6 Rxg6 44. fxg6 h6 45. Rf2 Re8 46. Qf3 Rg8 47. Qf5 Qe7
48. Kg2 Qc7 49. Qe6 Qxa5 50. Qxe5 Qb5 51. Qf5 Qc6 52. Kg1 Qd6 53. e5 Qd4 54. e6
Re8 55. e7 Qf6 56. Qxc5 1-0

[Event "España Tch-Primera Division Sur"]
[Site "Santa Cruz de Tenerife ESP"]
[Date "2006.08.24"]
[Round "2"]
[White "De la Cruz Sanchez, C Gustavo"]
[Black "Muñoz Navarro, Alberto"]
[Result "1/2-1/2"]
[WhiteElo "2249"]
[BlackElo "2185"]
[PlyCount "62"]
[EventDate "2006.08.23"]
[EventType "team"]
[EventRounds "2"]
[EventCountry "ESP"]
[Source "lmi"]
[SourceDate "2006.08.23"]
[WhiteTeam "C.A. ISLA BONITA - CAJACANARIAS"]
[BlackTeam "C. DEPORTIVO AJEDREZ LAPUERTA"]

1. e4 e6 2. d4 c5 3. c3 d5 4. exd5 Qxd5 5. Nf3 Nf6 6. Be2 Nc6 7. O-O cxd4 8.
cxd4 Be7 9. Nc3 Qd8 10. Bf4 O-O 11. Qd2 b6 12. Rad1 Bb7 13. a3 Nd5 14. Rfe1
Nxc3 15. Qxc3 Rc8 16. Qe3 Bf6 17. Ne5 Ne7 18. Qh3 Ng6 19. Bd3 Re8 20. Bg3 Bd5
21. Nxg6 hxg6 22. Be5 Bb3 23. Rc1 Rxc1 24. Rxc1 Bxe5 25. dxe5 Qg5 26. Qe3 Qxe3
27. fxe3 Re7 28. Rc8+ Kh7 29. Kf2 Rd7 30. Rc3 Bd5 31. h4 Bb7 1/2-1/2

[Event "España Tch-Primera Division Sur"]
[Site "Santa Cruz de Tenerife ESP"]
[Date "2006.08.24"]
[Round "2"]
[White "Sanchez Jerez, Emilio"]
[Black "Hernandez Leon, Alberto"]
[Result "0-1"]
[WhiteElo "2062"]
[BlackElo "2170"]
[PlyCount "60"]
[EventDate "2006.08.23"]
[EventType "team"]
[EventRounds "2"]
[EventCountry "ESP"]
[Source "lmi"]
[SourceDate "2006.08.23"]
[WhiteTeam "C. DEPORTIVO AJEDREZ LAPUERTA"]
[BlackTeam "C.A. ISLA BONITA CAJACANARIAS"]

1. e4 c5 2. Nf3 d6 3. d4 cxd4 4. Nxd4 Nf6 5. Nc3 a6 6. Be3 e5 7. Nb3 Be6 8. Nd5
Bxd5 9. exd5 Nbd7 10. c4 Be7 11. f3 Nh5 12. Qd2 O-O 13. Na5 Qc7 14. b4 f5 15.
Bd3 e4 16. fxe4 Bh4+ 17. g3 f4 18. gxh4 fxe3 19. Qxe3 Ne5 20. Be2 Nf4 21. O-O-O
Nxe2+ 22. Qxe2 Qb6 23. a3 Rf2 24. Qe1 Raf8 25. c5 Qb5 26. Qe3 R8f3 27. Qd4 Qa4
28. Rd2 Qxa3+ 29. Kb1 Nd3 30. Rxd3 Qa2+ 0-1

[Event "España Tch-Primera Division Sur"]
[Site "Santa Cruz de Tenerife ESP"]
[Date "2006.08.24"]
[Round "2"]
[White "Perez Felipe, Marcos Adrian"]
[Black "Ojaos Peñalver, Abel"]
[Result "0-1"]
[WhiteElo "2383"]
[BlackElo "2030"]
[PlyCount "52"]
[EventDate "2006.08.23"]
[EventType "team"]
[EventRounds "2"]
[EventCountry "ESP"]
[Source "lmi"]
[SourceDate "2006.08.23"]
[WhiteTeam "C.A. ISLA BONITA CAJACANARIAS"]
[BlackTeam "C. DEPORTIVO AJEDREZ LAPUERTA"]

1. d4 d5 2. c4 e6 3. Nc3 Nf6 4. cxd5 exd5 5. Bg5 Be7 6. e3 O-O 7. Bd3 c6 8. Qc2
Nbd7 9. Nf3 Re8 10. O-O Nf8 11. Ne5 g6 12. f4 Ne6 13. Bxf6 Bxf6 14. f5 Ng7 15.
Nxf7 Kxf7 16. fxg6+ Kg8 17. gxh7+ Kh8 18. Rf3 Bg5 19. Bg6 Rxe3 20. Raf1 Rxf3
21. Rxf3 Bd7 22. Qf2 Qe7 23. Rf7 Qd6 24. Bc2 Re8 25. Nd1 Bg4 26. Kh1 Bh5 0-1

[Event "España Tch-Primera Division Sur"]
[Site "Santa Cruz de Tenerife ESP"]
[Date "2006.08.24"]
[Round "2"]
[White "Alcaraz Pacheco, Ivan"]
[Black "Majul Martinez, Isolina"]
[Result "0-1"]
[WhiteElo "1967"]
[BlackElo "2104"]
[PlyCount "56"]
[EventDate "2006.08.23"]
[EventType "team"]
[EventRounds "2"]
[EventCountry "ESP"]
[Source "lmi"]
[SourceDate "2006.08.23"]
[WhiteTeam "C. DEPORTIVO AJEDREZ LAPUERTA"]
[BlackTeam "C.A. ISLA BONITA - CAJACANARIAS"]

1. d4 Nf6 2. Nc3 d5 3. Bg5 Bf5 4. Bxf6 exf6 5. e3 c6 6. Nge2 Bd6 7. Ng3 Bg6 8.
Bd3 Bxd3 9. Qxd3 g6 10. e4 dxe4 11. Ngxe4 Be7 12. O-O-O f5 13. Nd2 Na6 14. d5
O-O 15. Nf3 Nb4 16. Qd4 Nxd5 17. Nxd5 cxd5 18. Qxd5 Qb6 19. Qb3 Qxf2 20. Rd2
Qc5 21. Rd7 b6 22. Re1 Bf6 23. Red1 Rad8 24. Rxa7 Rxd1+ 25. Kxd1 Qf2 26. Ne1
Rd8+ 27. Nd3 Qg1+ 28. Ke2 Re8+ 0-1

[Event "España Tch-Primera Division Sur"]
[Site "Santa Cruz de Tenerife ESP"]
[Date "2006.08.24"]
[Round "2"]
[White "Gomez Cebrian, Francisco"]
[Black "Todorcevic, Miodrag"]
[Result "0-1"]
[WhiteElo "2125"]
[BlackElo "2459"]
[PlyCount "64"]
[EventDate "2006.08.23"]
[EventType "team"]
[EventRounds "2"]
[EventCountry "ESP"]
[Source "lmi"]
[SourceDate "2006.08.23"]
[WhiteTeam "C.A. POLIDEPORTIVO LA RODA"]
[BlackTeam "C.A. EL SAUZAL - RTE MARTINEZ"]

1. c4 g6 2. Nc3 Bg7 3. d4 d6 4. e4 Nd7 5. Nf3 e5 6. Be2 Ngf6 7. O-O O-O 8. d5
Nc5 9. Nd2 a5 10. Qc2 Ne8 11. Nb3 Nd7 12. Be3 f5 13. f3 b6 14. Nc1 f4 15. Bf2
g5 16. Nd3 Qf6 17. a3 Qg6 18. b4 g4 19. Rfc1 g3 20. Be1 gxh2+ 21. Kxh2 Ndf6 22.
Bf1 Nh5 23. Ne2 Kh8 24. Kg1 Ng3 25. Kf2 Nf6 26. Nxg3 fxg3+ 27. Ke2 Nxe4 28. Kd1
Nf6 29. Bc3 Bf5 30. Qd2 Bh6 31. f4 Ne4 32. Qe2 Bg4 0-1

[Event "España Tch-Primera Division Sur"]
[Site "Santa Cruz de Tenerife ESP"]
[Date "2006.08.24"]
[Round "2"]
[White "Mendoza Contreras, Lucas Eduardo"]
[Black "Buendia Morcillo, Luis"]
[Result "1-0"]
[WhiteElo "2270"]
[BlackElo "1997"]
[PlyCount "71"]
[EventDate "2006.08.23"]
[EventType "team"]
[EventRounds "2"]
[EventCountry "ESP"]
[Source "lmi"]
[SourceDate "2006.08.23"]
[WhiteTeam "C.A. EL SAUZAL - RTE MARTINEZ"]
[BlackTeam "C.A. POLIDEPORTIVO LA RODA"]

1. d4 d5 2. c4 e6 3. Nc3 c6 4. Nf3 dxc4 5. g3 Nf6 6. Bg2 Bb4 7. O-O Nbd7 8. Qc2
O-O 9. e4 Bxc3 10. bxc3 e5 11. Nxe5 Nxe5 12. dxe5 Ng4 13. f4 Qb6+ 14. Kh1 Ne3
15. Bxe3 Qxe3 16. Rae1 Qc5 17. Rd1 Bg4 18. Rd4 Rad8 19. h3 Bc8 20. Rfd1 Rxd4
21. cxd4 Qa3 22. Kh2 b5 23. d5 c5 24. f5 Qe3 25. e6 fxe6 26. dxe6 Qg5 27. e5
Qe7 28. Bd5 Kh8 29. Qf2 c3 30. Rf1 c2 31. Qxc2 Qc7 32. Qe4 c4 33. f6 gxf6 34.
exf6 Rg8 35. Rf4 c3 36. f7 1-0

[Event "España Tch-Primera Division Sur"]
[Site "Santa Cruz de Tenerife ESP"]
[Date "2006.08.24"]
[Round "2"]
[White "Martinez Cebolla, Alberto"]
[Black "Fernandez Manrique, Agustin"]
[Result "0-1"]
[WhiteElo "1936"]
[BlackElo "2168"]
[PlyCount "64"]
[EventDate "2006.08.23"]
[EventType "team"]
[EventRounds "2"]
[EventCountry "ESP"]
[Source "lmi"]
[SourceDate "2006.08.23"]
[WhiteTeam "C.A. POLIDEPORTIVO LA RODA"]
[BlackTeam "C.A. EL SAUZAL - RTE MARTINEZ"]

1. d4 Nf6 2. Nf3 g6 3. Nc3 d5 4. Bg5 Bg7 5. e3 O-O 6. h3 c6 7. Bxf6 exf6 8. Be2
Re8 9. O-O Nd7 10. a4 f5 11. Rb1 a5 12. Re1 Nf6 13. Ne5 Ne4 14. Nxe4 fxe4 15.
Ng4 h5 16. Nh2 Bf8 17. Kh1 Bd6 18. Rg1 Bc7 19. c4 Kg7 20. cxd5 cxd5 21. Rc1 Qd6
22. Nf1 Be6 23. Qc2 Rec8 24. Qd1 Bd8 25. g4 Rxc1 26. Qxc1 Rc8 27. Qd1 h4 28.
Kg2 Qb4 29. b3 Qa3 30. Nd2 Qb2 31. Re1 Rc2 32. Nb1 Be7 0-1

[Event "España Tch-Primera Division Sur"]
[Site "Santa Cruz de Tenerife ESP"]
[Date "2006.08.24"]
[Round "2"]
[White "Perez Gutierrez, Nauzet"]
[Black "Lopez Roldan, Elias"]
[Result "1-0"]
[WhiteElo "2012"]
[BlackElo "1915"]
[PlyCount "63"]
[EventDate "2006.08.23"]
[EventType "team"]
[EventRounds "2"]
[EventCountry "ESP"]
[Source "lmi"]
[SourceDate "2006.08.23"]
[WhiteTeam "C.A. EL SAUZAL - RTE MARTINEZ"]
[BlackTeam "C.A. POLIDEPORTIVO LA RODA"]

1. e4 c5 2. f4 d6 3. Nf3 Nc6 4. Bb5 Bd7 5. O-O Nf6 6. d3 g6 7. c4 Bg7 8. e5
dxe5 9. fxe5 Nxe5 10. Nxe5 Bxb5 11. Nxf7 Kxf7 12. cxb5 Qd4+ 13. Kh1 Rad8 14.
Nc3 Qxd3 15. Qxd3 Rxd3 16. Ne4 b6 17. Ng5+ Kg8 18. Bf4 h6 19. Nf3 Kh7 20. Rae1
Re8 21. Ne5 Rd5 22. Nc6 Rd7 23. Be5 g5 24. h4 Nh5 25. hxg5 hxg5 26. Rf3 Bxe5
27. Nxe5 Rd4 28. Nc6 Rd2 29. Rh3 Rxb2 30. Rxh5+ Kg6 31. Rh3 Rxa2 32. Nxe7+ 1-0

[Event "España Tch-Primera Division Sur"]
[Site "Santa Cruz de Tenerife ESP"]
[Date "2006.08.24"]
[Round "3"]
[White "Matamoros Franco, Carlos S"]
[Black "Korneev, Oleg"]
[Result "1/2-1/2"]
[WhiteElo "2544"]
[BlackElo "2638"]
[PlyCount "37"]
[EventDate "2006.08.23"]
[EventType "team"]
[EventRounds "2"]
[EventCountry "ESP"]
[Source "lmi"]
[SourceDate "2006.08.23"]

1. c4 e5 2. g3 Nf6 3. Bg2 Nc6 4. Nc3 Bc5 5. e3 O-O 6. Nge2 d6 7. h3 a6 8. O-O
Ba7 9. Kh2 Re8 10. d3 Rb8 11. b3 Bd7 12. Bb2 Ne7 13. Nd5 Nfxd5 14. cxd5 c6 15.
Nc3 cxd5 16. Nxd5 Nxd5 17. Bxd5 Be6 18. Qf3 Qd7 19. Rac1 1/2-1/2

[Event "España Tch-Primera Division Sur"]
[Site "Santa Cruz de Tenerife ESP"]
[Date "2006.08.24"]
[Round "3"]
[White "Aleksandrov, Aleksej"]
[Black "Alonso, Rene"]
[Result "1/2-1/2"]
[WhiteElo "2627"]
[BlackElo "2380"]
[PlyCount "91"]
[EventDate "2006.08.23"]
[EventType "team"]
[EventRounds "2"]
[EventCountry "ESP"]
[Source "lmi"]
[SourceDate "2006.08.23"]

1. d4 Nf6 2. c4 c5 3. d5 b5 4. cxb5 a6 5. bxa6 g6 6. Nc3 Bxa6 7. g3 Bg7 8. Bg2
d6 9. Nf3 Nbd7 10. O-O Nb6 11. Ne1 O-O 12. Nc2 Ne8 13. Ne3 Nc7 14. a4 Nc4 15.
Qc2 Qb8 16. b3 Qb4 17. Na2 Qb7 18. Rb1 Nxe3 19. Bxe3 Nxd5 20. Bf4 Nxf4 21. Bxb7
Nxe2+ 22. Kg2 Bxb7+ 23. f3 Nd4 24. Qd2 Bd5 25. Qe3 Rfb8 26. Nc3 Nf5 27. Qd2
Bxb3 28. Rfe1 e6 29. Nb5 Bxa4 30. Nc7 Rxb1 31. Rxb1 Rf8 32. Qa2 Bc6 33. Rb6 Nd4
34. Rxc6 Nxc6 35. Qa6 Nd4 36. Qxd6 c4 37. Qc5 c3 38. Qxc3 Nb5 39. Qc6 Nxc7 40.
Qxc7 h5 41. h3 Bf6 42. g4 hxg4 43. hxg4 g5 44. f4 Rd8 45. fxg5 Bxg5 46. Qe5
1/2-1/2

[Event "España Tch-Primera Division Sur"]
[Site "Santa Cruz de Tenerife ESP"]
[Date "2006.08.24"]
[Round "3"]
[White "Perez Pardo, Juan Carlos"]
[Black "Moreno Carnero, Javier"]
[Result "1/2-1/2"]
[WhiteElo "2330"]
[BlackElo "2509"]
[PlyCount "109"]
[EventDate "2006.08.23"]
[EventType "team"]
[EventRounds "2"]
[EventCountry "ESP"]
[Source "lmi"]
[SourceDate "2006.08.23"]

1. c4 e5 2. Nc3 Nf6 3. Nf3 Nc6 4. e3 Be7 5. Be2 d5 6. cxd5 Nxd5 7. Qc2 Be6 8.
O-O O-O 9. a3 f5 10. d3 Kh8 11. Bd2 Qe8 12. b4 a6 13. Nxd5 Bxd5 14. Bc3 Qg6 15.
g3 Bf6 16. Qb2 Rfe8 17. a4 e4 18. Nd2 exd3 19. Bxd3 Ne5 20. Be2 Re6 21. Rae1
Rae8 22. Bxe5 Bxe5 23. Qc2 Rc6 24. Qb1 Rb6 25. a5 Rf6 26. Bf3 Bxf3 27. Nxf3 Bd6
28. b5 Qg4 29. Nd4 Re5 30. bxa6 bxa6 31. Nc6 Rb5 32. Qd3 Qf3 33. Nd4 Qd5 34.
Rb1 Rxa5 35. Rb8+ Rf8 36. Rfb1 Kg8 37. Qb3 Qxb3 38. R1xb3 g6 39. Ne6 Rxb8 40.
Rxb8+ Kf7 41. Ng5+ Kg7 42. Rb7 Re5 43. Ra7 h6 44. Nf3 Ra5 45. h4 Kf6 46. Nd4
Ra1+ 47. Kg2 a5 48. Nb5 a4 49. Nxc7 Bxc7 50. Rxc7 a3 51. Rc6+ Kf7 52. h5 gxh5
53. Rxh6 Kg7 54. Ra6 Ra2 55. Kf3 1/2-1/2

[Event "España Tch-Primera Division Sur"]
[Site "Santa Cruz de Tenerife ESP"]
[Date "2006.08.24"]
[Round "3"]
[White "Sanz Alonso, Francisco Javier"]
[Black "Naranjo Moreno, Antonio"]
[Result "1-0"]
[WhiteElo "2400"]
[BlackElo "2256"]
[PlyCount "135"]
[EventDate "2006.08.23"]
[EventType "team"]
[EventRounds "2"]
[EventCountry "ESP"]
[Source "lmi"]
[SourceDate "2006.08.23"]

1. e4 e5 2. Nf3 Nc6 3. Bb5 a6 4. Ba4 Nf6 5. O-O Nxe4 6. d4 b5 7. Bb3 d5 8. dxe5
Be6 9. Qe2 Be7 10. Rd1 O-O 11. c4 bxc4 12. Bxc4 Bc5 13. Be3 Bxe3 14. Qxe3 Qb8
15. Bb3 Na5 16. Nbd2 Qa7 17. Qxa7 Rxa7 18. Nd4 Nxd2 19. Rxd2 c5 20. Ne2 Nxb3
21. axb3 Rb8 22. Nc3 Rxb3 23. Nxd5 Bxd5 24. Rxd5 h6 25. Rxc5 Rxb2 26. Rca5 Rab7
27. g3 Re2 28. R1a2 Rxa2 29. Rxa2 Rb5 30. f4 Rb6 31. Kf2 f6 32. exf6 Rxf6 33.
Ke3 h5 34. Ke4 Kh7 35. h3 Rg6 36. Ra3 Kh6 37. Ke5 Rb6 38. g4 hxg4 39. hxg4 Kg6
40. Ke4 Kf6 41. Ra5 g6 42. Kf3 Kf7 43. Kg3 Rb3+ 44. Kh4 Rb6 45. Rc5 Kf6 46. Rc7
g5+ 47. Kh5 gxf4 48. g5+ Kf5 49. Rf7+ Ke5 50. Kg4 Rg6 51. Rxf4 Kd5 52. Kh5 Rg8
53. Rf6 Ra8 54. g6 Kc4 55. g7 Rg8 56. Kg6 a5 57. Ra6 Kb4 58. Kf7 Rc8 59. Rb6+
Ka3 60. g8=Q Rxg8 61. Kxg8 a4 62. Kf7 Ka2 63. Ke6 a3 64. Kd5 Ka1 65. Kc4 a2 66.
Kb3 Kb1 67. Ka3+ Ka1 68. Rh6 1-0

[Event "España Tch-Primera Division Sur"]
[Site "Santa Cruz de Tenerife ESP"]
[Date "2006.08.24"]
[Round "3"]
[White "Gonzalez Marrero, Jacobo"]
[Black "Almagro Mazariegos, Sebastian"]
[Result "1/2-1/2"]
[WhiteElo "2303"]
[BlackElo "2311"]
[PlyCount "107"]
[EventDate "2006.08.23"]
[EventType "team"]
[EventRounds "2"]
[EventCountry "ESP"]
[Source "lmi"]
[SourceDate "2006.08.23"]

1. d4 d5 2. Nf3 Nf6 3. c4 c6 4. Qc2 dxc4 5. Qxc4 Bg4 6. Nbd2 e6 7. g3 Nbd7 8.
Bg2 Be7 9. O-O O-O 10. Ne5 Bh5 11. Nb3 Nxe5 12. dxe5 Nd7 13. f4 Nb6 14. Qc2 Nd5
15. e4 Nb4 16. Qc3 Qd3 17. a3 Qxc3 18. bxc3 Na6 19. Be3 Rfd8 20. Kf2 f6 21. Bh3
Bf7 22. exf6 gxf6 23. Nd4 Nc5 24. Kf3 Bf8 25. Rfd1 Re8 26. Ne2 e5 27. fxe5 fxe5
28. Bf5 Nb3 29. Rab1 Bxa3 30. Rd7 Re7 31. Rbd1 Rxd7 32. Rxd7 Nc5 33. Bxc5 Bxc5
34. Bxh7+ Kf8 35. g4 a5 36. Nc1 a4 37. g5 Be6 38. Rxb7 Ra7 39. Rb8+ Kg7 40. Bf5
Bf7 41. Rb1 a3 42. g6 a2 43. Ra1 Bc4 44. h4 Ra3 45. Ne2 Bd4 46. h5 Bxe2+ 47.
Kxe2 Bxc3 48. h6+ Kxh6 49. Rh1+ Kg5 50. g7 Ra8 51. Be6 a1=Q 52. Rxa1 Bxa1 53.
g8=Q+ Rxg8 54. Bxg8 1/2-1/2

[Event "España Tch-Primera Division Sur"]
[Site "Santa Cruz de Tenerife ESP"]
[Date "2006.08.24"]
[Round "3"]
[White "Sanchez Jimenez, Juan Carlos"]
[Black "Henriquez Garcia, David"]
[Result "1-0"]
[WhiteElo "2289"]
[BlackElo "2154"]
[PlyCount "69"]
[EventDate "2006.08.23"]
[EventType "team"]
[EventRounds "2"]
[EventCountry "ESP"]
[Source "lmi"]
[SourceDate "2006.08.23"]

1. d4 d6 2. Nf3 Nf6 3. c4 g6 4. Nc3 Bg7 5. Bg5 h6 6. Bh4 O-O 7. e3 c6 8. Be2
Nbd7 9. Qc2 Re8 10. O-O Nf8 11. h3 Bf5 12. e4 Bc8 13. e5 Nh5 14. Qe4 Ne6 15.
Rfd1 Nhf4 16. Bf1 g5 17. Bg3 d5 18. Qc2 Rf8 19. cxd5 cxd5 20. Qb3 b6 21. Rac1
Bb7 22. Bxf4 Nxf4 23. g3 Ng6 24. Bd3 f5 25. Nb5 e6 26. Nc7 Qe7 27. Nxa8 Bxa8
28. Qc2 g4 29. hxg4 fxg4 30. Nh2 Nh4 31. gxh4 Qxh4 32. Qe2 h5 33. Qe3 Qe7 34.
Rc3 h4 35. Nxg4 1-0

[Event "España Tch-Primera Division Sur"]
[Site "Santa Cruz de Tenerife ESP"]
[Date "2006.08.24"]
[Round "3"]
[White "Villavicencio Martinez, Carlos Luis"]
[Black "Castillo Gallego, Sergio"]
[Result "0-1"]
[WhiteElo "2157"]
[BlackElo "2189"]
[PlyCount "94"]
[EventDate "2006.08.23"]
[EventType "team"]
[EventRounds "2"]
[EventCountry "ESP"]
[Source "lmi"]
[SourceDate "2006.08.23"]

1. Nf3 Nf6 2. c4 g6 3. g3 Bg7 4. Bg2 O-O 5. O-O d6 6. d4 Nbd7 7. Nc3 e5 8. e3
a6 9. a4 Re8 10. b3 Nh5 11. e4 exd4 12. Nxd4 Ne5 13. Bb2 c5 14. Nde2 Nc6 15.
Qd2 Na5 16. Qc2 Be6 17. Rad1 Qb6 18. Nc1 Rad8 19. Ba3 Nc6 20. N1e2 Qa5 21. Nd5
b5 22. Bb2 Bxd5 23. cxd5 Nb4 24. Qd2 Bxb2 25. Qxb2 bxa4 26. Ra1 Qb5 27. Nc3 Qb7
28. Nxa4 Rb8 29. Qc3 Qe7 30. Nb2 Nf6 31. Nc4 Nd7 32. f4 Nb6 33. Na5 Qd7 34.
Rfd1 Qc7 35. e5 Qe7 36. Nc6 Nxc6 37. exd6 Nxd5 38. Bxd5 Qd7 39. Qxc5 Nb4 40.
Ra4 Rb5 41. Qc4 Qa7+ 42. Kf1 Nxd5 43. Rxd5 Qd7 44. Rxa6 Qh3+ 45. Kg1 Rxd5 46.
Qxd5 Re1+ 47. Kf2 Qf1# 0-1

[Event "España Tch-Primera Division Sur"]
[Site "Santa Cruz de Tenerife ESP"]
[Date "2006.08.24"]
[Round "3"]
[White "Martos Exposito, Manuel"]
[Black "Trujillo Delgado, Dafnae Lorena"]
[Result "0-1"]
[WhiteElo "2158"]
[BlackElo "2164"]
[PlyCount "112"]
[EventDate "2006.08.23"]
[EventType "team"]
[EventRounds "2"]
[EventCountry "ESP"]
[Source "lmi"]
[SourceDate "2006.08.23"]

1. e4 c5 2. Nc3 d6 3. f4 g6 4. Nf3 Bg7 5. Bc4 Nc6 6. O-O e6 7. d3 Nge7 8. Qe1
O-O 9. f5 d5 10. Bb3 dxe4 11. dxe4 Nd4 12. Qh4 gxf5 13. Bh6 Ng6 14. Qh5 Nxf3+
15. Rxf3 Qh4 16. Qxh4 Nxh4 17. Rg3 Ng6 18. Bxg7 Kxg7 19. exf5 exf5 20. Nd5 Bd7
21. h4 h5 22. Rf1 Rae8 23. c4 Re4 24. Bc2 Rxh4 25. b3 Rg4 26. Rh3 Rg5 27. Ne3
f4 28. Bxg6 Rxg6 29. Nf5+ Bxf5 30. Rxh5 Be4 31. Rxf4 Bxg2 32. Rxc5 Bc6+ 33. Kf2
Rh8 34. Rcf5 f6 35. b4 Rh3 36. Ke2 Rg2+ 37. Rf2 Rxf2+ 38. Rxf2 Rc3 39. Rf4 Rc2+
40. Kd3 Rxa2 41. Kd4 b6 42. Rg4+ Kf7 43. Rh4 f5 44. Ke5 Kg6 45. Kd6 Be4 46. Rh8
Rc2 47. c5 bxc5 48. bxc5 a5 49. Rh3 a4 50. Ra3 Rc4 51. Rg3+ Kf6 52. Rg8 a3 53.
Rg3 a2 54. Ra3 Rc2 55. Ra5 f4 56. Ra4 f3 0-1

[Event "España Tch-Primera Division Sur"]
[Site "Santa Cruz de Tenerife ESP"]
[Date "2006.08.24"]
[Round "3"]
[White "Todorcevic, Miodrag"]
[Black "Santos Izquierdo, Francisco Javier"]
[Result "1-0"]
[WhiteElo "2459"]
[BlackElo "2314"]
[PlyCount "97"]
[EventDate "2006.08.23"]
[EventType "team"]
[EventRounds "2"]
[EventCountry "ESP"]
[Source "lmi"]
[SourceDate "2006.08.23"]

1. e4 c5 2. Nf3 Nc6 3. Bb5 g6 4. O-O Bg7 5. Re1 Nf6 6. c3 O-O 7. a4 Re8 8. e5
Nd5 9. Qb3 Nc7 10. d4 cxd4 11. cxd4 d5 12. Be3 Nxb5 13. axb5 Na5 14. Qb4 Nc4
15. Na3 Nxe3 16. Rxe3 Bg4 17. h3 Bf5 18. g4 Bc8 19. Nb1 f5 20. exf6 exf6 21.
Rxe8+ Qxe8 22. Nc3 Be6 23. Re1 Qd7 24. Nh2 Rc8 25. Qb3 Rc4 26. Ne2 Bf8 27. Qf3
Kg7 28. Qe3 Bf7 29. g5 fxg5 30. Ng4 Qf5 31. Ra1 Bd6 32. Rxa7 Rc7 33. Ng3 Qf4
34. Ne2 Qf5 35. Ng3 Qb1+ 36. Kg2 Bf4 37. Qf3 Qxb2 38. Ne2 Qd2 39. b6 Re7 40.
Nxf4 gxf4 41. Qa3 Re2 42. Ra8 Be8 43. Qd6 Qxd4 44. Qc7+ Bf7 45. Qd6 Be8 46.
Qc7+ Kh8 47. Qf7 Qe4+ 48. Kh2 Qe7 49. Rxe8+ 1-0

[Event "España Tch-Primera Division Sur"]
[Site "Santa Cruz de Tenerife ESP"]
[Date "2006.08.24"]
[Round "3"]
[White "Hidalgo Santana, Fernando"]
[Black "Mendoza Contreras, Lucas Eduardo"]
[Result "1-0"]
[WhiteElo "2234"]
[BlackElo "2270"]
[PlyCount "63"]
[EventDate "2006.08.23"]
[EventType "team"]
[EventRounds "2"]
[EventCountry "ESP"]
[Source "lmi"]
[SourceDate "2006.08.23"]

1. e4 d5 2. exd5 Qxd5 3. Nc3 Qd8 4. Nf3 Bf5 5. d4 e6 6. Bd3 Bxd3 7. Qxd3 Nf6 8.
Qb5+ Nbd7 9. Qxb7 Be7 10. Ne5 Rb8 11. Qf3 Nxe5 12. dxe5 Nd7 13. Qg3 g6 14. O-O
O-O 15. Rd1 Qc8 16. b3 c5 17. Bg5 f6 18. exf6 Nxf6 19. Qh4 Rb4 20. Qh3 Rd4 21.
Re1 Rd6 22. Nb5 Rd5 23. Qxe6+ Qxe6 24. Rxe6 Rxg5 25. Rxe7 Nd5 26. h4 Rg4 27.
Re5 Nf4 28. g3 h5 29. Kh2 a6 30. Nc3 Nd3 31. cxd3 Rxf2+ 32. Kh3 1-0

[Event "España Tch-Primera Division Sur"]
[Site "Santa Cruz de Tenerife ESP"]
[Date "2006.08.24"]
[Round "3"]
[White "Perera Gonzalez, Pablo"]
[Black "Morales Camacho, Julian"]
[Result "1/2-1/2"]
[WhiteElo "2230"]
[BlackElo "2221"]
[PlyCount "120"]
[EventDate "2006.08.23"]
[EventType "team"]
[EventRounds "2"]
[EventCountry "ESP"]
[Source "lmi"]
[SourceDate "2006.08.23"]

1. Nf3 g6 2. c4 Nf6 3. Nc3 Bg7 4. d4 O-O 5. g3 d6 6. Bg2 c6 7. O-O Bf5 8. Nh4
Bd7 9. e4 Na6 10. h3 e5 11. Nf3 Re8 12. Be3 exd4 13. Nxd4 Nc5 14. Qc2 Qe7 15.
Bg5 h6 16. Bxf6 Qxf6 17. Rad1 Rad8 18. Nb3 Nxb3 19. Qxb3 Bc8 20. Rd2 h5 21. h4
Qe7 22. Re1 Qc7 23. Qc2 Be6 24. b3 Qa5 25. Ne2 Bg4 26. f3 Qc5+ 27. Kh2 Bxf3 28.
Red1 Bxg2 29. Kxg2 Bh6 30. Rd4 Bg7 31. R4d2 a5 32. Nf4 Bh6 33. Rf2 Qe5 34. Re1
Bg7 35. Qe2 Re7 36. Qf3 Rde8 37. Nh3 Bh6 38. Rfe2 Bg7 39. Rf1 d5 40. cxd5 cxd5
41. Nf2 f5 42. Qd3 fxe4 43. Qb5 d4 44. Qc4+ Qe6 45. Qb5 Qd6 46. Rfe1 e3 47. Nd3
Qc6+ 48. Qxc6 bxc6 49. Rc1 Re6 50. Rc5 Ra8 51. Nf4 Rd6 52. Nd3 Bf8 53. Rc4 Ra6
54. Re1 Bg7 55. Rf1 Rb6 56. Kf3 Rf6+ 57. Ke2 Rxf1 58. Kxf1 Kf7 59. Ke2 Bf6 60.
Ra4 Rb5 1/2-1/2

[Event "España Tch-Primera Division Sur"]
[Site "Santa Cruz de Tenerife ESP"]
[Date "2006.08.24"]
[Round "3"]
[White "Cancio Lasso, Rayco"]
[Black "Pinto Henriquez, Rodrigo"]
[Result "0-1"]
[WhiteElo "1991"]
[BlackElo "2208"]
[PlyCount "110"]
[EventDate "2006.08.23"]
[EventType "team"]
[EventRounds "2"]
[EventCountry "ESP"]
[Source "lmi"]
[SourceDate "2006.08.23"]

1. e4 e5 2. Nf3 Nc6 3. Bb5 a6 4. Ba4 Nf6 5. d3 b5 6. Bb3 Be7 7. c3 d6 8. Nbd2
O-O 9. Nf1 Na5 10. Bc2 c5 11. Ng3 Nc6 12. h3 Re8 13. O-O Bf8 14. Nh2 Ra7 15. f4
d5 16. fxe5 Nxe5 17. d4 cxd4 18. cxd4 Qb6 19. Kh1 Ng6 20. e5 Nd7 21. Nf3 Nb8
22. Qd3 Nc6 23. a3 Be7 24. h4 Nf8 25. Be3 Na5 26. Nf5 Bxf5 27. Qxf5 Qg6 28. Ng5
Bxg5 29. Bxg5 Qxf5 30. Bxf5 Ne6 31. Bd2 Nb3 32. Rad1 Nbxd4 33. Bxh7+ Kxh7 34.
Be3 Rd7 35. Bxd4 Nxd4 36. Rxd4 Rxe5 37. Rfd1 Re2 38. b4 Re3 39. R1d3 Rxd3 40.
Rxd3 Kg6 41. Kg1 Kf5 42. Kf2 Ke4 43. Ke2 d4 44. Rg3 g6 45. Rg4+ Kf5 46. Rg5+
Kf4 47. g3+ Ke4 48. Rg4+ Kf5 49. Rf4+ Ke5 50. Kd3 f5 51. Rf2 Rc7 52. h5 gxh5
53. Rh2 Rc3+ 54. Kd2 Rxg3 55. Rxh5 Rxa3 0-1